00850nam a2200265 i 4500003001000000005001700010007000300027008004100030020001800071040003500089041000800124084001000132100004700142245005100189250002200240264006400262300007900326336002700405337003300432338002800465490001600493650003000509650002600539650001900565CO-BoRNBP20250120163414.0ta250120s2022 Uy a|||| |||| 00| 0 spa d a9789915670119 aCO-BoRNBPbspacCO-BoRNBPerda aspa aC CUE1 aEquipo Editorial Brijbasi Art Presseautor10aAnimales/cEquipo Editorial Brijbasi Art Press aPrimera edición 4aMontevideo, Uruguay,b©Latinbooks International S.A.c2022 a12 páginas, bilustraciones a color, tapa dura, calto 16 cm ancho 16 cm 2rdacontentatextobtxt 2rdamediaasin mediaciónbn 2rdacarrieravolumenbnc aSuperlistos 2LEMBaLiteratura infantil 2LEMBaCuento infantil 2LEMBaanimales